Daň z pridanej hodnoty - príspevkové organizácie, rozpočtové organizácie, obce, mestá a orgány územnej samosprávy
Ekonomická činnosť ako podnikanie na účely DPH. Narušovanie hospodárskej súťaže. Príspevková organizácia. Orgány územnej samosprávy. Obec. Základné, stredné a vysoké školy. Registrácia zdaniteľných osôb. Registrácia nezdaniteľných osôb. Príklady. Zákony.
Na minha lista:
| Autor principal: | |
|---|---|
| Formato: | Capítulo de Livro |
| Idioma: | eslovaco |
| Assuntos: | |
| Tags: |
Sem tags, seja o primeiro a adicionar uma tag!
|
MARC
| LEADER | 00000naa$a2200000$$$4500 | ||
|---|---|---|---|
| 001 | 0052156 | ||
| 005 | 20231013071532.1 | ||
| 041 | 0 | |a slo | |
| 044 | |a SK | ||
| 245 | 1 | 0 | |a Daň z pridanej hodnoty - príspevkové organizácie, rozpočtové organizácie, obce, mestá a orgány územnej samosprávy |c Jaroslava Síkorová |
| 520 | |a Ekonomická činnosť ako podnikanie na účely DPH. Narušovanie hospodárskej súťaže. Príspevková organizácia. Orgány územnej samosprávy. Obec. Základné, stredné a vysoké školy. Registrácia zdaniteľných osôb. Registrácia nezdaniteľných osôb. Príklady. Zákony. | ||
| 610 | 2 | 0 | |a činnosť hospodárska |
| 610 | 2 | 0 | |a podnikanie |
| 610 | 2 | 0 | |a dane z hodnoty pridanej |
| 610 | 2 | 0 | |a súťaž hospodárska |
| 610 | 2 | 0 | |a organizácie príspevkové |
| 610 | 2 | 0 | |a organizácie rozpočtové |
| 610 | 2 | 0 | |a samospráva miestna |
| 610 | 2 | 0 | |a obce |
| 610 | 2 | 0 | |a mestá |
| 610 | 2 | 0 | |a školy |
| 100 | 1 | |a Síkorová, Jaroslava | |